trouvez le film Disney Pixar par personnages - Statistiques

Statistiques générales
  • Ce quiz a été pris 244 fois
  • Le résultat moyen est 12 sur 15
Statistiques - réponses
Hint Réponse % Correct
Miguel, mama Coco, Ernesto Coco
98%
Andy, Buzz l'éclair, Woody Toy story
98%
Joie, Tristesse, Riley Vice versa
96%
Flash, Martin, Sally Cars
95%
Luca, Alberto, Giulia Luca
89%
Flèche, Violette, Elastigirl Les indestructibles
87%
August, Rémy, Colette Ratatouille
87%
Merida, Elinor, Fergus Rebelle
82%
Arold, Krokmou Dragons
79%
Carl Fredricksen, Russell, Dug La haut
75%
Arlo, Spot Le voyage d'arlo
72%
Flam, Flack Élémentaire
70%
Bob, Sulli, Boo Monstres et compagnie
70%
Joe, 22, Dorothea Soul
44%
Ian Lightfoot, Barley Lightfoot En avant
38%
Aucun quiz correspondant
Distribution des résultats
% des personnes avec chaque résultat
Percentile par nombre de réponses
Votre historique - résultats
Vous n’avez pas pris ce quiz